Rzeszów–Jasionka Airport Destinations (Jasionka, Poland) - Statistics

General Stats
  • This quiz has been taken 66 times
    30 since last reset
  • The average score is 9 of 17
Answer Stats
Airline Destination % Correct
LOT Polish Airlines Warsaw (Chopin)
100%
Ryanair London (Luton)
93%
Ryanair London (Stansted)
93%
LOT Polish Airlines Gdańsk
87%
Ryanair Manchester
87%
Lufthansa Munich
73%
Wizz Air Rome (Fiumicino)
73%
Ryanair/Wizz Air Milan (Malpensa)
67%
Ryanair Dublin
53%
Ryanair Edinburgh
53%
Ryanair Alicante
27%
Ryanair Bristol
27%
Ryanair Zadar
27%
Ryanair Malta
20%
LOT Polish Airlines Newark
13%
Smartwings Poland Bodrum
7%
Wizz Air Podgorica
7%
No matching quizzes found
Score Distribution
Percent of People with Each Score
Percentile by Number Answered
Your Score History
You have not taken this quiz since the last reset